Statistics for John Carpenter Films

Click here to take the quiz!

General Stats

  • This quiz has been taken 758 times
    (757 since last reset)
  • The average score is 7 of 17

Answer Stats

Year Film % Correct
1978Halloween
88%
1982The Thing
78%
1981Escape from New York
59%
1980The Fog
56%
1996Escape from L.A.
52%
1988They Live
47%
1998Vampires
44%
1986Big Trouble in Little China
42%
1976Assault on Precinct 13
41%
2001Ghosts of Mars
40%
1987Prince of Darkness
36%
1974Dark Star
34%
1983Christine
33%
1994In the Mouth of Madness
28%
2010The Ward
28%
1984Starman
25%
1992Memoirs of an Invisible Man
14%

Score Distribution

Percentile by Number Answered

Percent of People with Each Score

Your Score History

You have not taken this quiz since the last reset